01059nam a2200241 a 450000100080000000500110000800800410001910000170006024501510007726003590022865000140058765000120060165000270061365000170064065300130065765300250067065300200069570000220071570000190073770000250075670000190078170000170080010265262025-07-29 2025 bl uuuu u01u1 u #d1 aDOUSSEAU, S. aIntegracao pesquisa e ater no desenvolvimento de novas tecnologias para o cultivo da pimenteira-do-reino no Espirito Santo.h[electronic resource] aIn: SIMPOSIO INCAPER PESQUISA, 4., Seminário de Iniciação Científica do Incaper, 4., 2024, Vitoria. Desafios e potencialidades para a agropecuária, pesquisa e extensão na era da automação e inteligência artificial. Vitoria, ES : Incaper, 2025. p. 55. Editores: Andrea Ferreira da Costa, Jose Salazar Zanuncio Junior e Renato Correa Taques.c2025 aFusariose aPimenta aPimenta do Reino Preta aPiper Nigrum aEnxertia aEstresses abióticos aPiper selvagens1 aARANTES, L. de O.1 aVENTURA, J. A.1 aMACHADO FILHO, J. A.1 aFERRARI, W. R.1 aRAMOS, E. P.